UITU Library & LRC     

Digital Control Systems: Theory hardware software (Record no. 2500)

MARC details
000 -LEADER
fixed length control field 00499nam a2200181Ia 4500
008 - FIXED-LENGTH DATA ELEMENTS--GENERAL INFORMATION
fixed length control field 240925s9999 xx 000 0 und d
020 ## - INTERNATIONAL STANDARD BOOK NUMBER
International Standard Book Number 71126376
082 ## - DEWEY DECIMAL CLASSIFICATION NUMBER
Classification number 629.895 HOU
100 ## - MAIN ENTRY--PERSONAL NAME
Personal name Houpis, Counstantine H.; Garg B Lamonl
245 #0 - TITLE STATEMENT
Title Digital Control Systems: Theory hardware software
250 ## - EDITION STATEMENT
Edition statement 2nd
260 ## - PUBLICATION, DISTRIBUTION, ETC.
Place of publication, distribution, etc. New York:
Name of publisher, distributor, etc. McGraw-Hill
Date of publication, distribution, etc. ,1992.
300 ## - PHYSICAL DESCRIPTION
Extent 752p.
Other physical details NA
Type of unit Original
500 ## - GENERAL NOTE
General note Includes Index
600 ## - SUBJECT ADDED ENTRY--PERSONAL NAME
Personal name Electronic Engineering
650 ## - SUBJECT ADDED ENTRY--TOPICAL TERM
Topical term or geographic name entry element Technology
942 ## - ADDED ENTRY ELEMENTS (KOHA)
Koha item type Books
Holdings
Withdrawn status Lost status Damaged status Not for loan Collection Home library Current library Date acquired Source of acquisition Cost, normal purchase price Total checkouts Full call number Barcode Date last seen Price effective from Koha item type
        Electrical Engineering UITU Library UITU Library 01/26/1995 Royal Book Company 456.36   629.895 HOU Q0001 09/25/2024 09/25/2024 Books

Powered by Koha